Շարականք Հայ. Ս. եկեղեցւոյ / (Record no. 229165)
[ view plain ]
| 000 -LEADER | |
|---|---|
| fixed length control field | 00636nam a2200181 u 4500 |
| 001 - CONTROL NUMBER | |
| control field | 000573969 |
| 003 - CONTROL NUMBER IDENTIFIER | |
| control field | AM-YeHGA |
| 005 - DATE AND TIME OF LATEST TRANSACTION | |
| control field | 20250618073355.0 |
| 008 - FIXED-LENGTH DATA ELEMENTS--GENERAL INFORMATION | |
| fixed length control field | 080327s1902 ||| r 000 0 arm d |
| 040 ## - CATALOGING SOURCE | |
| Original cataloging agency | AM-YeHGA |
| 041 1# - LANGUAGE CODE | |
| Language code of text/sound track or separate title | arm |
| 090 ## - LOCALLY ASSIGNED LC-TYPE CALL NUMBER (OCLC); LOCAL CALL NUMBER (RLIN) | |
| -- | 230715 |
| 245 00 - TITLE STATEMENT | |
| Title | Շարականք Հայ. Ս. եկեղեցւոյ / |
| Statement of responsibility, etc. | Աշխարհաբ. վերած.՝ Ե.Տ. Անդրէասեան. |
| 260 ## - PUBLICATION, DISTRIBUTION, ETC. | |
| Place of publication, distribution, etc. | Կ. Պոլիս : |
| Name of publisher, distributor, etc. | տպ. Սարըեան, |
| Date of publication, distribution, etc. | 1902. |
| 300 ## - PHYSICAL DESCRIPTION | |
| Extent | մաս. |
| 505 10 - FORMATTED CONTENTS NOTE | |
| Miscellaneous information | Մ. 1 (1902, 69 էջ) |
| -- | Մ. 2 (1904, 163 էջ) |
| 700 1# - ADDED ENTRY--PERSONAL NAME | |
| Personal name | Տեր-Անդրեասյան, Երվանդ Գրիգորի, |
| Dates associated with a name | 1840-1890 |
| Relator term | թարգմ. |
| Relationship | trl |
| 9 (RLIN) | 5683 |
| Withdrawn status | Lost status | Damaged status | Not for loan | Collection | Home library | Current library | Date acquired | Serial enumeration / chronology | Total checkouts | Full call number | Barcode | Date last seen | Price effective from | Koha item type | Public note |
|---|---|---|---|---|---|---|---|---|---|---|---|---|---|---|---|
| General | Fundamental Scientific Library | Fundamental Scientific Library | 28/12/2016 | 1 | AI/6465 | FL0042711 | 28/12/2016 | 28/12/2016 | Գրքեր / Books | 30 Days Loan | |||||
| General | Fundamental Scientific Library | Fundamental Scientific Library | 28/12/2016 | 2 | AI/6466 | FL0042712 | 28/12/2016 | 28/12/2016 | Գրքեր / Books | 30 Days Loan |
ՀՀ Գիտությունների ազգային ակադեմիայի հիմնարար գիտական գրադարան = Fundamental Scientific Library of NAS RA
All site content, except where otherwise noted, is licensed under a